Normal view
MARC view
- Pang, Ai-Chun
Entry Personal Name
001 - CONTROL NUMBER
- control field: 106493
003 - CONTROL NUMBER IDENTIFIER
- control field: NUST
005 - DATE AND TIME OF LATEST TRANSACTION
- control field: 20221230142301.0
008 - FIXED-LENGTH DATA ELEMENTS
- fixed length control field: 221230|| aca||aabn | a|a d
040 ## - CATALOGING SOURCE
- Original cataloging agency: NUST
- Transcribing agency: NUST
100 ## - HEADING--PERSONAL NAME
- Personal name: Pang, Ai-Chun
670 ## - SOURCE DATA FOUND
- Source citation: Work cat.: (NUST)179333: Lin, Yi-Bing, 106492, Wireless and mobile network Architectures /, c2001.
